02191nam a2200157 a 4500008004100000020001800041041000800059100002400067245006200091250001100153260004100164300002200205500010100227505169000328655001502018180524e2017 ag ||||g |||| 00| 1 spa d a9789874599940 aspa1 aD'Angelo, Gastón. aDiecisiete minutos. bRelatos breves /cGastón D'Angelo a1a ed. aNeuquén:bPatagonia Activa;c2017. a128 p.c21x15 cm. aD'Angelo, G. (2017). Diecisiete minutos. Relatos breves. (1a ed.). Neuquén : Patagonia Activa. aDicen los que saben que los buenos textos perduran. Y es lo que pasó con los relatos de este libro: durante años, y bajo la custodia de Carla (también protagonista en varios de ellos), descansaron en un disco rígido hasta que Gastón cedió a la presión de publicarlos. De ahí hasta el paso siguiente: encendió la computadora y trabajó sobre los textos, del mismo modo que lo hacen quienes escriben libros, hasta que fueron lo que pretendía. "17 minutos" tiene una gran virtud: cada relato fue escrito con simpleza. Y la simpleza, a veces torpemente menospreciada, realza los textos y los hace accesibles. Así, cualquiera, erudito/a, descamisado/a o imbécil, puede comprenderlos. Esta virtud, coloca al libro al alcance de todos y todas. Y eso, además, dice bastante del autor. Las historias son desopilantes y enternecedoras, en algunos casos, angustiantes y temerarias, en otros. Sin embargo, atrapan de principio a fin desde diferentes mundos: el de la ficción, el de la realidad, el de la poesía, el de la ficción entrelazada con la realidad. Y en estos mundos hay escenarios particulares, sobre los que Gastón descubrió cada historia: un lago en Bariloche, un bar y una iglesia en Rosario, un estudio jurídico de Cipolletti, un subte en Buenos Aires, una casa de Neuquén, entre otros. Todo esto, Gastón lo hizo con tres atributos que le dio la vida: disfruta escribir (el primero); lo hace muy bien a pesar de carecer de pergaminos que lo acrediten en el rubro, lo cual evidencia su talento (el segundo atributo); y siempre creyó que el libro era posible y no se rindió hasta que existió, porque es peronista (el tercer atributo).  aLiteratura